{"text_format":"3","workbook":"xlsx","n_sheets":1,"sheets":["t486"],"read":"whole","date_system":"1900"}

{"sheet":"t486","index":0,"n_rows":179,"n_cols":7,"rows_kept":179,"merged":[[0,0,0,6],[28,0,28,5],[43,0,43,5],[153,0,153,5]]}
["TABELA 486.1 - Estatísticas Agrícolas, Município de Rio das Pedras, Estado de São Paulo, 2016/17."]
["ITEM","UNIDADE","N.DE UPAs","MÍNIMO","MÉDIO","MÁXIMO","TOTAL"]
["Distância à sede do município","km",421,0.2,{"v":9.35,"d":"9.4"},{"v":27,"d":"27.0"},"-"]
["Área total","hectare",421,0.2,{"v":48.68,"d":"48.7"},819.4,{"v":20493.03,"d":"20,493.0"}]
["Área com cultura perene","hectare",6,0.2,{"v":0.75,"d":"0.8"},1.1,4.5]
["Área com cultura temporária","hectare",368,0.5,{"v":40.79,"d":"40.8"},556.3,{"v":15009.9,"d":"15,009.9"}]
["Área com pastagem","hectare",127,0.2,{"v":10.32,"d":"10.3"},137.4,{"v":1311,"d":"1,311.0"}]
["Área com reflorestamento","hectare",38,0.1,{"v":10.04,"d":"10.0"},164.7,381.6]
["Área com vegetação natural","hectare",253,0.1,{"v":9.18,"d":"9.2"},191.6,{"v":2323.61,"d":"2,323.6"}]
["Área com vegetação de brejo e várzea","hectare",14,0.1,{"v":0.96,"d":"1.0"},2.5,13.4]
["Área em descanso","hectare",47,0.2,10.6,77.9,498.3]
["Área complementar","hectare",212,0.1,{"v":4.48,"d":"4.5"},68.3,{"v":950.72,"d":"950.7"}]
["Área das UPAs com (0, 1] ha","hectare",1,0.2,0.2,0.2,0.2]
["Área das UPAs com (1, 2] ha","hectare",7,1.2,{"v":1.64,"d":"1.6"},{"v":2,"d":"2.0"},11.5]
["Área das UPAs com (2, 5] ha","hectare",54,2.1,{"v":3.65,"d":"3.7"},{"v":5,"d":"5.0"},{"v":196.92,"d":"196.9"}]
["Área das UPAs com (5, 10] ha","hectare",73,5.2,{"v":7.26,"d":"7.3"},{"v":10,"d":"10.0"},{"v":529.85,"d":"529.9"}]
["Área das UPAs com (10, 20] ha","hectare",100,10.2,{"v":14.89,"d":"14.9"},19.9,{"v":1488.76,"d":"1,488.8"}]
["Área das UPAs com (20, 50] ha","hectare",90,20.1,{"v":31.88,"d":"31.9"},48.4,{"v":2869.2,"d":"2,869.2"}]
["Área das UPAs com (50, 100] ha","hectare",53,50.5,{"v":69.48,"d":"69.5"},99.2,{"v":3682.2,"d":"3,682.2"}]
["Área das UPAs com (100, 200] ha","hectare",23,{"v":104,"d":"104.0"},153.4,195.4,{"v":3528.1,"d":"3,528.1"}]
["Área das UPAs com (200, 500] ha","hectare",13,200.2,{"v":265.62,"d":"265.6"},{"v":383,"d":"383.0"},{"v":3453,"d":"3,453.0"}]
["Área das UPAs com (500, 1.000] ha","hectare",7,{"v":534,"d":"534.0"},{"v":676.19,"d":"676.2"},819.4,{"v":4733.3,"d":"4,733.3"}]
["Área das UPAs com (1.000, 2.000] ha","hectare","-","-","-","-","-"]
["Área das UPAs com (2.000, 5.000] ha","hectare","-","-","-","-","-"]
["Área das UPAs com (5.000, 10.000] ha","hectare","-","-","-","-","-"]
["Área das UPAs acima de 10.000 ha","hectare","-","-","-","-","-"]
["Fonte: Secretaria de Agricultura e Abastecimento, CDRS/IEA, Projeto LUPA."]
[]
["TABELA 486.2 - Explorações Animais, Município de Rio das Pedras, Estado de São Paulo, 2016/17."]
["ITEM","UNIDADE","N.DE UPAs","MÍNIMO","MÉDIO","MÁXIMO","TOTAL"]
["Asininos e muares","cabecas",3,{"v":1,"d":"1.0"},{"v":2,"d":"2.0"},{"v":4,"d":"4.0"},{"v":6,"d":"6.0"}]
["Avicultura de corte","cabecas/ano",6,{"v":20,"d":"20.0"},{"v":25124.17,"d":"25,124.2"},{"v":150000,"d":"150,000.0"},{"v":150745,"d":"150,745.0"}]
["Avicultura para ovos","cabecas",9,{"v":10,"d":"10.0"},{"v":3438.33,"d":"3,438.3"},{"v":20000,"d":"20,000.0"},{"v":30945,"d":"30,945.0"}]
["Bovinocultura de corte","cabecas",38,{"v":3,"d":"3.0"},{"v":31.97,"d":"32.0"},{"v":170,"d":"170.0"},{"v":1215,"d":"1,215.0"}]
["Bovinocultura leiteira","cabecas",4,{"v":3,"d":"3.0"},{"v":8,"d":"8.0"},{"v":20,"d":"20.0"},{"v":32,"d":"32.0"}]
["Bovinocultura mista","cabecas",28,{"v":2,"d":"2.0"},{"v":18.39,"d":"18.4"},{"v":70,"d":"70.0"},{"v":515,"d":"515.0"}]
["Caprinocultura","cabecas",1,{"v":37,"d":"37.0"},{"v":37,"d":"37.0"},{"v":37,"d":"37.0"},{"v":37,"d":"37.0"}]
["Cunicultura","cabecas",1,{"v":8,"d":"8.0"},{"v":8,"d":"8.0"},{"v":8,"d":"8.0"},{"v":8,"d":"8.0"}]
["Equinocultura","cabecas",21,{"v":1,"d":"1.0"},10.1,{"v":60,"d":"60.0"},{"v":212,"d":"212.0"}]
["Ovinocultura","cabecas",5,{"v":5,"d":"5.0"},{"v":26,"d":"26.0"},{"v":70,"d":"70.0"},{"v":130,"d":"130.0"}]
["Suinocultura","cabecas",10,{"v":1,"d":"1.0"},{"v":12,"d":"12.0"},{"v":40,"d":"40.0"},{"v":120,"d":"120.0"}]
["Fonte: Secretaria de Agricultura e Abastecimento, CDRS/IEA, Projeto LUPA."]
[]
["TABELA 486.3 -  Máquinas, Implementos e Benfeitorias, Município de Rio das Pedras, Estado de São Paulo, 2016/17."]
["ITEM","UNIDADE","N.DE UPAs","MÍNIMO","MÉDIO","MÁXIMO","TOTAL"]
["Arado comum (bacia, aiveca)","unidade",22,{"v":1,"d":"1.0"},{"v":1.27,"d":"1.3"},{"v":2,"d":"2.0"},{"v":28,"d":"28.0"}]
["Arado escarificador","unidade",21,{"v":1,"d":"1.0"},{"v":1.38,"d":"1.4"},{"v":3,"d":"3.0"},{"v":29,"d":"29.0"}]
["Arado subsolador","unidade",30,{"v":1,"d":"1.0"},{"v":1.13,"d":"1.1"},{"v":2,"d":"2.0"},{"v":34,"d":"34.0"}]
["Batedeira de cereais","unidade",1,{"v":1,"d":"1.0"},{"v":1,"d":"1.0"},{"v":1,"d":"1.0"},{"v":1,"d":"1.0"}]
["Camara fria","unidade",1,{"v":1,"d":"1.0"},{"v":1,"d":"1.0"},{"v":1,"d":"1.0"},{"v":1,"d":"1.0"}]
["Carregadeira de cana","unidade",23,{"v":1,"d":"1.0"},{"v":1.48,"d":"1.5"},{"v":4,"d":"4.0"},{"v":34,"d":"34.0"}]
["Carreta de trator","unidade",2,{"v":1,"d":"1.0"},{"v":2,"d":"2.0"},{"v":3,"d":"3.0"},{"v":4,"d":"4.0"}]
["Colhedeira acoplada","unidade",1,{"v":1,"d":"1.0"},{"v":1,"d":"1.0"},{"v":1,"d":"1.0"},{"v":1,"d":"1.0"}]
["Colhedeira automotriz","unidade",4,{"v":1,"d":"1.0"},{"v":1.25,"d":"1.3"},{"v":2,"d":"2.0"},{"v":5,"d":"5.0"}]
["Computador","unidade",1,{"v":1,"d":"1.0"},{"v":1,"d":"1.0"},{"v":1,"d":"1.0"},{"v":1,"d":"1.0"}]
["Conj.irrigacao autopropelido","unidade",1,{"v":2,"d":"2.0"},{"v":2,"d":"2.0"},{"v":2,"d":"2.0"},{"v":2,"d":"2.0"}]
["Conj.irrigacao convencional","unidade",4,{"v":1,"d":"1.0"},{"v":1.25,"d":"1.3"},{"v":2,"d":"2.0"},{"v":5,"d":"5.0"}]
["Conj.irrigacao/gotejamento/microaspersao","unidade",1,{"v":4,"d":"4.0"},{"v":4,"d":"4.0"},{"v":4,"d":"4.0"},{"v":4,"d":"4.0"}]
["Desintegrador, picador, triturador","unidade",53,{"v":1,"d":"1.0"},{"v":1.25,"d":"1.3"},{"v":3,"d":"3.0"},{"v":66,"d":"66.0"}]
["Distribuidor de calcario","unidade",23,{"v":1,"d":"1.0"},{"v":1.04,"d":"1.0"},{"v":2,"d":"2.0"},{"v":24,"d":"24.0"}]
["Ensiladeira","unidade",1,{"v":1,"d":"1.0"},{"v":1,"d":"1.0"},{"v":1,"d":"1.0"},{"v":1,"d":"1.0"}]
["Grade aradora (tipo romi)","unidade",22,{"v":1,"d":"1.0"},{"v":1.09,"d":"1.1"},{"v":2,"d":"2.0"},{"v":24,"d":"24.0"}]
["Grade niveladora","unidade",18,{"v":1,"d":"1.0"},{"v":1.06,"d":"1.1"},{"v":2,"d":"2.0"},{"v":19,"d":"19.0"}]
["Misturador de racao","unidade",6,{"v":1,"d":"1.0"},{"v":1,"d":"1.0"},{"v":1,"d":"1.0"},{"v":6,"d":"6.0"}]
["Mmicrotrator","unidade",3,{"v":1,"d":"1.0"},{"v":1,"d":"1.0"},{"v":1,"d":"1.0"},{"v":3,"d":"3.0"}]
["Ordenhadeira mecanica","unidade",1,{"v":1,"d":"1.0"},{"v":1,"d":"1.0"},{"v":1,"d":"1.0"},{"v":1,"d":"1.0"}]
["Pulverizador tratorizado","unidade",39,{"v":1,"d":"1.0"},{"v":1.38,"d":"1.4"},{"v":3,"d":"3.0"},{"v":54,"d":"54.0"}]
["Resfriador de leite, tanque expansao","unidade",2,{"v":1,"d":"1.0"},1.5,{"v":2,"d":"2.0"},{"v":3,"d":"3.0"}]
["Roçadora","unidade",1,{"v":1,"d":"1.0"},{"v":1,"d":"1.0"},{"v":1,"d":"1.0"},{"v":1,"d":"1.0"}]
["Semeadeira/adubadeira para plantio convencional","unidade",8,{"v":1,"d":"1.0"},{"v":1.25,"d":"1.3"},{"v":2,"d":"2.0"},{"v":10,"d":"10.0"}]
["Semeadeira/plantadeira plantio direto","unidade",3,{"v":1,"d":"1.0"},{"v":1.33,"d":"1.3"},{"v":2,"d":"2.0"},{"v":4,"d":"4.0"}]
["Terraceador","unidade",2,{"v":1,"d":"1.0"},1.5,{"v":2,"d":"2.0"},{"v":3,"d":"3.0"}]
["Trator de esteiras","unidade",1,{"v":2,"d":"2.0"},{"v":2,"d":"2.0"},{"v":2,"d":"2.0"},{"v":2,"d":"2.0"}]
["Trator de pneus  acima de 85 cv","unidade",34,{"v":1,"d":"1.0"},{"v":2.53,"d":"2.5"},{"v":7,"d":"7.0"},{"v":86,"d":"86.0"}]
["Trator de pneus até 65 cv","unidade",4,{"v":1,"d":"1.0"},{"v":2.25,"d":"2.3"},{"v":6,"d":"6.0"},{"v":9,"d":"9.0"}]
["Trator de pneus de 66 cv a 85 cv","unidade",33,{"v":1,"d":"1.0"},{"v":1.42,"d":"1.4"},{"v":6,"d":"6.0"},{"v":47,"d":"47.0"}]
["Acude/represa","unidade",84,{"v":1,"d":"1.0"},{"v":1.48,"d":"1.5"},{"v":5,"d":"5.0"},{"v":124,"d":"124.0"}]
["Almoxarifado/oficina","unidade",15,{"v":1,"d":"1.0"},{"v":1.07,"d":"1.1"},{"v":2,"d":"2.0"},{"v":16,"d":"16.0"}]
["Armazem para graos ensacados","sacas",3]
["Balanca para bovinos","unidade",1,{"v":1,"d":"1.0"},{"v":1,"d":"1.0"},{"v":1,"d":"1.0"},{"v":1,"d":"1.0"}]
["Balanca para veiculos","unidade",3,{"v":1,"d":"1.0"},{"v":1.67,"d":"1.7"},{"v":2,"d":"2.0"},{"v":5,"d":"5.0"}]
["Barracao para granja/avicultura","unidade",9,{"v":1,"d":"1.0"},{"v":1.67,"d":"1.7"},{"v":4,"d":"4.0"},{"v":15,"d":"15.0"}]
["Barracao/galpao/garagem","unidade",99,{"v":1,"d":"1.0"},1.4,{"v":5,"d":"5.0"},{"v":139,"d":"139.0"}]
["Casa de moradia habitada","unidade",107,{"v":1,"d":"1.0"},{"v":2.26,"d":"2.3"},{"v":30,"d":"30.0"},{"v":242,"d":"242.0"}]
["Casa de moradia total","unidade",150,{"v":1,"d":"1.0"},{"v":2.77,"d":"2.8"},{"v":30,"d":"30.0"},{"v":415,"d":"415.0"}]
["Curral/mangueira","unidade",70,{"v":1,"d":"1.0"},{"v":1.03,"d":"1.0"},{"v":2,"d":"2.0"},{"v":72,"d":"72.0"}]
["Deposito/tulha","unidade",40,{"v":1,"d":"1.0"},{"v":1.15,"d":"1.2"},{"v":3,"d":"3.0"},{"v":46,"d":"46.0"}]
["Engenho","unidade",1,{"v":1,"d":"1.0"},{"v":1,"d":"1.0"},{"v":1,"d":"1.0"},{"v":1,"d":"1.0"}]
["Estabulo","unidade",10,{"v":1,"d":"1.0"},{"v":1,"d":"1.0"},{"v":1,"d":"1.0"},{"v":10,"d":"10.0"}]
["Estacao/posto meteorologico","unidade",1,{"v":1,"d":"1.0"},{"v":1,"d":"1.0"},{"v":1,"d":"1.0"},{"v":1,"d":"1.0"}]
["Estufa/plasticultura","m2",1]
["Instalacoes para equinos","unidade",4,{"v":1,"d":"1.0"},{"v":3.75,"d":"3.8"},{"v":7,"d":"7.0"},{"v":15,"d":"15.0"}]
["Pocilga","unidade",14,{"v":1,"d":"1.0"},{"v":1.29,"d":"1.3"},{"v":4,"d":"4.0"},{"v":18,"d":"18.0"}]
["Poco semi-artesiano","unidade",11,{"v":1,"d":"1.0"},{"v":1.09,"d":"1.1"},{"v":2,"d":"2.0"},{"v":12,"d":"12.0"}]
["Secador de graos","unidade",1,{"v":1,"d":"1.0"},{"v":1,"d":"1.0"},{"v":1,"d":"1.0"},{"v":1,"d":"1.0"}]
["Silo para graos","ton",2]
["Silo para silagem","ton",4]
["Terreiro","m2",10]
["Usina de acucar/destilaria","unidade",2,{"v":1,"d":"1.0"},{"v":1,"d":"1.0"},{"v":1,"d":"1.0"},{"v":2,"d":"2.0"}]
["Fonte: Secretaria de Agricultura e Abastecimento, CDRS/IEA, Projeto LUPA."]
[]
["TABELA 486.4 - Outras Estatísticas Agrícolas, Município de Rio das Pedras, Estado de São Paulo, 2016/17."]
["ITEM","Número de UPAs",null,"Percentual"]
["Faz Parte de Associação de Produtores",255,null,{"v":60.57007125890737,"d":"60.6"}]
["Faz Parte de Cooperativa de Produtores",260,null,{"v":61.75771971496437,"d":"61.8"}]
["Faz Parte do Sindicato de Produtores",207,null,{"v":49.1686460807601,"d":"49.2"}]
["Não utiliza assistência técnica ",216,null,{"v":51.30641330166271,"d":"51.3"}]
["Utiliza somente assistência técnica governamental ",21,null,{"v":4.98812351543943,"d":"5.0"}]
["Utiliza somente assistência técnica privada ",62,null,{"v":14.726840855106888,"d":"14.7"}]
["Utiliza assistência técnica tanto governamental quanto privada",122,null,{"v":28.978622327790973,"d":"29.0"}]
["Utiliza Crédito Rural",58,null,{"v":13.776722090261282,"d":"13.8"}]
["Utiliza Seguro Rural",9,null,{"v":2.1377672209026133,"d":"2.1"}]
["Utiliza Escrituração Agrícola",97,null,{"v":23.040380047505938,"d":"23.0"}]
["Acessa Internet p/ Fins na Agropecuária",31,null,{"v":7.363420427553444,"d":"7.4"}]
["Utiliza Computador nas Atividades Agropecuárias",48,null,{"v":11.401425178147269,"d":"11.4"}]
["Utiliza Energia Elétrica Para Uso na Atividade Agrícola",269,null,{"v":63.895486935866984,"d":"63.9"}]
["Utiliza Energia Alternativa",2,null,{"v":0.4750593824228029,"d":"0.5"}]
["Realiza Análise de Solo, quando necessário",326,null,{"v":77.43467933491686,"d":"77.4"}]
["Realiza Calagem",254,null,{"v":60.332541567695955,"d":"60.3"}]
["Utiliza Práticas de Conservação de Solo, quando necessário",349,null,{"v":82.8978622327791,"d":"82.9"}]
["Faz Adubação Mineral, quando necessário",326,null,{"v":77.43467933491686,"d":"77.4"}]
["Faz Adubação Orgânica, quando necessário",72,null,{"v":17.102137767220903,"d":"17.1"}]
["Faz Adubação Verde, quando necessário",5,null,{"v":1.187648456057007,"d":"1.2"}]
["Utiliza Manejo Integrado de Pragas (MIP)",1,null,{"v":0.23752969121140144,"d":"0.2"}]
["Utiliza Hidroponia","-",null,"-"]
["Utiliza Cultivo em Estufa",2,null,{"v":0.4750593824228029,"d":"0.5"}]
["Utiliza Mudas Fiscalizadas",285,null,{"v":67.6959619952494,"d":"67.7"}]
["Utiliza Semente Melhorada",35,null,{"v":8.31353919239905,"d":"8.3"}]
["Faz Confinamento de Bovinos",1,null,{"v":0.23752969121140144,"d":"0.2"}]
["Utiliza Pastejo Intensivo",21,null,{"v":4.98812351543943,"d":"5.0"}]
["Faz Inseminação Artificial",1,null,{"v":0.23752969121140144,"d":"0.2"}]
["Faz Mineralização do Rebanho",31,null,{"v":7.363420427553444,"d":"7.4"}]
["Faz Vermifugação do Rebanho",32,null,{"v":7.600950118764846,"d":"7.6"}]
["Possui Parceiros /Arrendatários na Exploração Animal",49,null,{"v":11.638954869358669,"d":"11.6"}]
["Existência de trabalhadores c/ deficiência na UPA","-",null,"-"]
["Esporte e lazer","-",null,"-"]
["Extração mineral",1,null,{"v":0.23752969121140144,"d":"0.2"}]
["Hotel Fazenda, Pousada ou SPA",1,null,{"v":0.23752969121140144,"d":"0.2"}]
["Pesque-pague","-",null,"-"]
["Restaurante ou Lanchonete","-",null,"-"]
["Transformação artesanal","-",null,"-"]
["Turismo rural ou ecoturismo","-",null,"-"]
["Outras atividades econômicas rurais",3,null,{"v":0.7125890736342043,"d":"0.7"}]
["Agroindústria",1,null,{"v":0.23752969121140144,"d":"0.2"}]
["Proprietário sem instrução ou com instrução incompleta",19,null,{"v":4.513064133016627,"d":"4.5"}]
["Proprietário com antigo primário completo",46,null,{"v":10.926365795724465,"d":"10.9"}]
["Proprietário com 1° grau (ou antigo ginasial) completo",117,null,{"v":27.790973871733964,"d":"27.8"}]
["Proprietário com 2° grau (ou antigo colegial) completo",69,null,{"v":16.389548693586697,"d":"16.4"}]
["Proprietário com curso superior completo ",105,null,{"v":24.94061757719715,"d":"24.9"}]
["Pessoa Jurídica",65,null,{"v":15.439429928741092,"d":"15.4"}]
["Proprietário residente na própria UPA ",25,null,{"v":5.938242280285036,"d":"5.9"}]
["Fonte: Secretaria de Agricultura e Abastecimento, CDRS/IEA, Projeto LUPA."]
[]
["TABELA 486.5 - Área Cultivada, Município de Rio das Pedras, Estado de São Paulo, 2016/17."]
["CULTURA","N.DE UPAs","MÍNIMO","MÉDIO","MÁXIMO","TOTAL"]
["Cana-de-acucar finalidade industria",333,0.9,{"v":43.72,"d":"43.7"},556.3,{"v":14558.3,"d":"14,558.3"}]
["Braquiaria",63,0.3,{"v":14.02,"d":"14.0"},137.4,{"v":883,"d":"883.0"}]
["Gramas",64,0.2,6.5,57.5,416.1]
["Soja",32,1.8,{"v":12.93,"d":"12.9"},92.5,413.6]
["Eucalipto",35,0.1,{"v":10.15,"d":"10.2"},164.7,355.3]
["Milho safra",3,{"v":5,"d":"5.0"},13.8,26.4,41.4]
["Milho 2 safra",2,10.6,16.6,22.6,33.2]
["Outras florestais",3,0.3,{"v":8.77,"d":"8.8"},{"v":14,"d":"14.0"},26.3]
["Milho-silagem",1,{"v":8,"d":"8.0"},{"v":8,"d":"8.0"},{"v":8,"d":"8.0"},{"v":8,"d":"8.0"}]
["Sorgo",1,{"v":8,"d":"8.0"},{"v":8,"d":"8.0"},{"v":8,"d":"8.0"},{"v":8,"d":"8.0"}]
["Cana-de-acucar outras finalidades",5,0.5,{"v":1.48,"d":"1.5"},3.4,7.4]
["Outras gramineas para pastagem",1,{"v":5,"d":"5.0"},{"v":5,"d":"5.0"},{"v":5,"d":"5.0"},{"v":5,"d":"5.0"}]
["Coloniao",2,1.2,2.1,{"v":3,"d":"3.0"},4.2]
["Sorgo-vassoura",4,0.5,{"v":0.65,"d":"0.7"},1.1,2.6]
["Capim-napier (ou capim-elefante)",1,2.4,2.4,2.4,2.4]
["Pomar domestico",4,0.1,0.4,0.8,1.6]
["Cafe",2,0.5,{"v":0.55,"d":"0.6"},0.6,1.1]
["Milho-doce(verde)",1,{"v":1,"d":"1.0"},{"v":1,"d":"1.0"},{"v":1,"d":"1.0"},{"v":1,"d":"1.0"}]
["Lichia",1,{"v":1,"d":"1.0"},{"v":1,"d":"1.0"},{"v":1,"d":"1.0"},{"v":1,"d":"1.0"}]
["Maracuja",1,{"v":1,"d":"1.0"},{"v":1,"d":"1.0"},{"v":1,"d":"1.0"},{"v":1,"d":"1.0"}]
["Laranja Mercado",1,0.5,0.5,0.5,0.5]
["Banana",1,0.3,0.3,0.3,0.3]
["Capim-jaragua",1,0.1,0.1,0.1,0.1]
["Fonte: Secretaria de Agricultura e Abastecimento, CDRS/IEA, Projeto LUPA."]